<?xml version="1.0" encoding="UTF-8"?>
<record
    xmlns:xsi="http://www.w3.org/2001/XMLSchema-instance"
    xsi:schemaLocation="http://www.loc.gov/MARC21/slim http://www.loc.gov/standards/marcxml/schema/MARC21slim.xsd"
    xmlns="http://www.loc.gov/MARC21/slim">

  <leader>03191nam a2200589Ia 4500</leader>
  <controlfield tag="001">347</controlfield>
  <controlfield tag="008">241029s9999    xx            000 0 und d</controlfield>
  <datafield tag="010" ind1=" " ind2=" ">
    <subfield code="a">315</subfield>
  </datafield>
  <datafield tag="041" ind1=" " ind2=" ">
    <subfield code="a">Espa&#xF1;ol</subfield>
  </datafield>
  <datafield tag="082" ind1=" " ind2=" ">
    <subfield code="a">MGC13-015</subfield>
  </datafield>
  <datafield tag="245" ind1=" " ind2="0">
    <subfield code="a">Uso de la Nueva Tecnolog&#xED;a de la Informaci&#xF3;n y la Comunicaci&#xF3;n en la Gesti&#xF3;n y la Docencia del Segundo Ciclo del Nivel B&#xE1;sico del Centro Educativo Nuestra Se&#xF1;ora del Carmen Distrito 05-08, Santiago de los Caballeros a&#xF1;o escolar 2012-2013</subfield>
  </datafield>
  <datafield tag="260" ind1=" " ind2=" ">
    <subfield code="a">Santiago</subfield>
  </datafield>
  <datafield tag="300" ind1=" " ind2=" ">
    <subfield code="a">104</subfield>
  </datafield>
  <datafield tag="520" ind1=" " ind2=" ">
    <subfield code="a">5</subfield>
  </datafield>
  <datafield tag="630" ind1=" " ind2=" ">
    <subfield code="a">Actitud de los Docentes</subfield>
  </datafield>
  <datafield tag="630" ind1=" " ind2=" ">
    <subfield code="a">Aprendizaje Significativo</subfield>
  </datafield>
  <datafield tag="630" ind1=" " ind2=" ">
    <subfield code="a">Centros Educativos</subfield>
  </datafield>
  <datafield tag="630" ind1=" " ind2=" ">
    <subfield code="a">Competencia Pedag&#xF3;gica</subfield>
  </datafield>
  <datafield tag="630" ind1=" " ind2=" ">
    <subfield code="a">Tecnolog&#xED;a Educativa</subfield>
  </datafield>
  <datafield tag="650" ind1=" " ind2=" ">
    <subfield code="a">Tecnolog&#xED;a Educativa</subfield>
  </datafield>
  <datafield tag="690" ind1=" " ind2=" ">
    <subfield code="a">Elaborado</subfield>
  </datafield>
  <datafield tag="700" ind1=" " ind2=" ">
    <subfield code="e">asesor</subfield>
    <subfield code="a">Ure&#xF1;a, Isabel </subfield>
  </datafield>
  <datafield tag="700" ind1=" " ind2=" ">
    <subfield code="e">autor</subfield>
    <subfield code="a">P&#xE9;rez Tejada, Eufemia de Jes&#xFA;s </subfield>
  </datafield>
  <datafield tag="700" ind1=" " ind2=" ">
    <subfield code="e">autor</subfield>
    <subfield code="a">Sandoval Bello, Carmen Josefina </subfield>
  </datafield>
  <datafield tag="700" ind1=" " ind2=" ">
    <subfield code="e">asesor</subfield>
    <subfield code="a">Menc&#xED;a, Pedro</subfield>
  </datafield>
  <datafield tag="901" ind1=" " ind2=" ">
    <subfield code="a">{"1":"P&#xE9;rez Tejada","2":"Sandoval Bello"}</subfield>
    <subfield code="b">{"1":"Eufemia de Jes&#xFA;s ","2":"Carmen Josefina "}</subfield>
  </datafield>
  <datafield tag="902" ind1=" " ind2=" ">
    <subfield code="a">2</subfield>
  </datafield>
  <datafield tag="903" ind1=" " ind2=" ">
    <subfield code="a">{"1":"Menc&#xED;a","2":"Ure&#xF1;a"}</subfield>
    <subfield code="b">{"1":"Pedro","2":"Isabel "}</subfield>
  </datafield>
  <datafield tag="904" ind1=" " ind2=" ">
    <subfield code="a">Mag&#xED;ster en</subfield>
  </datafield>
  <datafield tag="905" ind1=" " ind2=" ">
    <subfield code="a">Educaci&#xF3;n</subfield>
  </datafield>
  <datafield tag="906" ind1=" " ind2=" ">
    <subfield code="a">1</subfield>
  </datafield>
  <datafield tag="907" ind1=" " ind2=" ">
    <subfield code="a">Menci&#xF3;n en</subfield>
  </datafield>
  <datafield tag="908" ind1=" " ind2=" ">
    <subfield code="a">Gesti&#xF3;n de Centros Educativos</subfield>
  </datafield>
  <datafield tag="909" ind1=" " ind2=" ">
    <subfield code="a">Universidad Abierta para Adultos (UAPA), Recinto Santiago</subfield>
  </datafield>
  <datafield tag="910" ind1=" " ind2=" ">
    <subfield code="a">NULL</subfield>
    <subfield code="b">NULL</subfield>
  </datafield>
  <datafield tag="911" ind1=" " ind2=" ">
    <subfield code="a">["1"]</subfield>
  </datafield>
  <datafield tag="912" ind1=" " ind2=" ">
    <subfield code="a">NO APLICA</subfield>
  </datafield>
  <datafield tag="913" ind1=" " ind2=" ">
    <subfield code="a">NULL</subfield>
  </datafield>
  <datafield tag="914" ind1=" " ind2=" ">
    <subfield code="a">01 de Mayo de 2013</subfield>
  </datafield>
  <datafield tag="915" ind1=" " ind2=" ">
    <subfield code="a">17/09/14 11:09</subfield>
  </datafield>
  <datafield tag="916" ind1=" " ind2=" ">
    <subfield code="a">NULL</subfield>
  </datafield>
  <datafield tag="917" ind1=" " ind2=" ">
    <subfield code="a">NULL</subfield>
  </datafield>
  <datafield tag="918" ind1=" " ind2=" ">
    <subfield code="a">NO APLICA</subfield>
  </datafield>
  <datafield tag="919" ind1=" " ind2=" ">
    <subfield code="a">["4","20","33","38","191"]</subfield>
  </datafield>
  <datafield tag="520" ind1=" " ind2=" ">
    <subfield code="a">El estudio se plante&#xF3; como objetivo general determinar el uso y manejo de las NTIC, en la gesti&#xF3;n estrat&#xE9;gica y pr&#xE1;ctica pedag&#xF3;gica del Centro Educativo Nuestra Se&#xF1;ora del Carmen. &#xA0;El m&#xE9;todo utilizado fue el deductivo. El estudio fue descriptivo y &#xA0;de campo, porque se pretendi&#xF3; explorar la realidad de la problem&#xE1;tica.&#xA0;La poblaci&#xF3;n fue de 347: 329 son alumnos, 12 maestros, 1 directora y 1 una subdirectora, &#xA0;1 coordinadora y 3 secretarias. Tom&#xE1;ndose una muestra de 177 estudiantes. &#xA0;En lo referente a determinar de cuales nuevas tecnolog&#xED;as de la informaci&#xF3;n y la comunicaci&#xF3;n dispon&#xED;an los administrativos y docentes para la pr&#xE1;ctica cotidiana, se evidenci&#xF3; que el Centro Educativo Nuestra Se&#xF1;ora del &#xA0;Carmen cuenta con diversas tecnolog&#xED;as puestas al servicio de la gesti&#xF3;n y la docencia, pero en cantidad insuficiente. Los recursos tecnol&#xF3;gicos se emplean a nivel de gesti&#xF3;n para diversas funciones, tales como: Env&#xED;o de circulares, &#xA0;comunicaci&#xF3;n de dependencia e instancia del Ministerio de Educaci&#xF3;n, capacitaci&#xF3;n del personal, exposici&#xF3;n de archivos digitales entre otras.&#xA0;Los recursos tecnol&#xF3;gicos que m&#xE1;s utilizan los docentes en sus pr&#xE1;cticas son: computadora, proyector, la radio etc. &#xA0; &#xA0;&#xA0;Los alumnos, docentes y administrativos reconocieron y establecieron la diferencia que marca el uso de la NTIC, frente a los medios tradicionales.</subfield>
  </datafield>
  <datafield tag="921" ind1=" " ind2=" ">
    <subfield code="a">11</subfield>
  </datafield>
  <datafield tag="922" ind1=" " ind2=" ">
    <subfield code="a">11</subfield>
  </datafield>
  <datafield tag="923" ind1=" " ind2=" ">
    <subfield code="a">0</subfield>
  </datafield>
  <datafield tag="924" ind1=" " ind2=" ">
    <subfield code="a">NO APLICA</subfield>
  </datafield>
  <datafield tag="942" ind1=" " ind2=" ">
    <subfield code="c">Tesis</subfield>
  </datafield>
  <datafield tag="999" ind1=" " ind2=" ">
    <subfield code="c">315</subfield>
    <subfield code="d">315</subfield>
  </datafield>
</record>
